[Event "17th Africa-ch"]
[Site "Lagos NGR"]
[Date "2022.09.22"]
[Round "5"]
[White "Okemakinde, Toluwanimi"]
[Black "Chimthere, Alfred Charles"]
[Result "1-0"]
[WhiteElo "2083"]
[BlackElo "2027"]
[EventDate "2022.09.18"]
[PlyCount "127"]

1.e4 c6 2.d4 d5 3.f3 e6 4.Nc3 Nf6 5.e5 Nfd7 6.f4 c5 7.Nf3 Nc6 8.Ne2 cxd4 
9.Nexd4 Nxd4 10.Nxd4 Be7 11.c3 Nc5 12.Qg4 g6 13.Be2 Bh4+ 14.g3 Be7 15.Qf3 
Bd7 16.Be3 a6 17.g4 Qc7 18.g5 O-O-O 19.h4 h5 20.O-O Kb8 21.Rfc1 Bc6 22.b4 
Na4 23.Bf2 Rc8 24.Qe3 b5 25.Nxc6+ Ka8 26.Nxe7 Qxe7 27.Bd1 Rc6 28.Bxa4 bxa4
29.Qd3 Rc4 30.Bd4 Qd7 31.b5 axb5 32.Rab1 Rhc8 33.Rc2 Qc6 34.Rcb2 Rb8 35.
Rb4 Rb7 36.Rxc4 dxc4 37.Qe2 Rd7 38.Rd1 Rd5 39.Bf2 Qd7 40.Rxd5 exd5 41.e6 
fxe6 42.Qe5 Kb7 43.Bc5 Kc6 44.Bb4 d4 45.Qc5+ Kb7 46.cxd4 Qc6 47.Qxc6+ Kxc6
48.Kf2 Kd5 49.Ke3 c3 50.Bxc3 Kc4 51.Ba1 b4 52.Ke4 a3 53.Ke5 Kd3 54.Kxe6 
Kc2 55.d5 Kb1 56.d6 Kxa1 57.d7 Kxa2 58.d8=Q b3 59.Qd5 Kb2 60.f5 a2 61.fxg6
a1=Q 62.Qe5+ Kb1 63.Qd4 Qb2 64.Qxb2+ 1-0

[Event "17th Africa-ch"]
[Site "Lagos NGR"]
[Date "2022.09.22"]
[Round "5"]
[White "Amega-Dzaka, Komi Nukunu"]
[Black "Kpan Deckalet, Mario Prosper"]
[Result "1-0"]
[WhiteElo "1621"]
[BlackElo "1591"]
[EventDate "2022.09.18"]
[PlyCount "61"]

1.d4 e6 2.Nf3 d5 3.Bf4 c5 4.c3 Nc6 5.e3 c4 6.b3 b5 7.a4 Na5 8.Nbd2 Bd7 9.
axb5 Bxb5 10.bxc4 dxc4 11.Nxc4 Nxc4 12.Bxc4 Bc6 13.Ne5 Qc8 14.Nxc6 Qxc6 
15.Qa4 Qxa4 16.Rxa4 a5 17.Bb5+ Kd8 18.Kd2 Nf6 19.Bg5 Kc7 20.Bxf6 gxf6 21.
Rha1 Bd6 22.Be2 Rhb8 23.Kc2 e5 24.Rxa5 Rxa5 25.Rxa5 Kb6 26.Ra1 Rc8 27.c4 
e4 28.c5+ Bxc5 29.dxc5+ Rxc5+ 30.Kb2 Rb5+ 31.Bxb5 1-0

[Event "17th Africa-ch"]
[Site "Lagos NGR"]
[Date "2022.09.22"]
[Round "5"]
[White "Wallace, O. Williams"]
[Black "De Gondo, Simplice Armel"]
[Result "0-1"]
[WhiteElo "1725"]
[BlackElo "2119"]
[EventDate "2022.09.18"]
[PlyCount "94"]

1.e4 c5 2.Nf3 d6 3.d4 cxd4 4.Nxd4 Nf6 5.Nc3 a6 6.a4 Nc6 7.Bc4 e6 8.Be3 Be7
9.O-O O-O 10.h3 Qc7 11.Bb3 Bd7 12.f4 Nxd4 13.Bxd4 Bc6 14.e5 dxe5 15.Bxe5 
Qb6+ 16.Kh2 Rfd8 17.Qc1 Nd7 18.a5 Qc5 19.Qe1 Nxe5 20.Qxe5 Qxe5 21.fxe5 Rd2
22.Rg1 Bc5 23.Kg3 Bxg1 24.Rxg1 Rad8 25.h4 R8d4 26.Kh3 h5 27.g4 hxg4+ 28.
Rxg4 Rxg4 29.Kxg4 Rf2 30.Nd1 Rf5 31.Ne3 Rxe5 32.Nc4 Rc5 33.c3 Bd5 34.Nd2 
Rxa5 35.c4 Bc6 36.Kf4 Ra1 37.h5 Rh1 38.Bc2 Rxh5 39.b4 Rh2 40.Ke3 g5 41.Bd3
f5 42.Nf1 Rb2 43.Kd4 Rxb4 44.Ke5 Kf7 45.Nd2 Ke7 46.Nf1 b5 47.cxb5 Bxb5 0-1

[Event "17th Africa-ch"]
[Site "Lagos NGR"]
[Date "2022.09.22"]
[Round "5"]
[White "Fomevor, Cephas Clinton"]
[Black "Barcon, Harmon"]
[Result "0-1"]
[WhiteElo "1803"]
[BlackElo "1951"]
[EventDate "2022.09.18"]
[PlyCount "80"]

1.d4 d5 2.c4 c6 3.Nc3 Nf6 4.Nf3 e6 5.Bg5 Be7 6.e3 O-O 7.cxd5 exd5 8.Qc2 h6
9.Bh4 Bg4 10.Ne5 Be6 11.Bd3 Nbd7 12.f4 Nb6 13.O-O c5 14.Qe2 Rc8 15.Rad1 
Re8 16.g4 Nh7 17.Bg3 Nf8 18.Bb5 Bd7 19.Nxd7 Nfxd7 20.Qf3 cxd4 21.exd4 a6 
22.Bd3 Bf6 23.Bb1 Rc4 24.Bf2 Nf8 25.Bd3 Rc7 26.Be3 Ne6 27.Bf5 Nc4 28.Nxd5 
Nxe3 29.Nxf6+ Qxf6 30.Qxe3 Rce7 31.Qf2 Nc7 32.d5 Re2 33.Qd4 Qh4 34.Rf2 
Nxd5 35.Rd2 Re1+ 36.Rf1 Rxf1+ 37.Kxf1 Re1+ 38.Kg2 Ne3+ 39.Kf3 Qh3+ 40.Ke4 
Nc2+ 0-1

[Event "17th Africa-ch"]
[Site "Lagos NGR"]
[Date "2022.09.22"]
[Round "5"]
[White "Apollos, Akomaka"]
[Black "Egbe, Kossi Thierry"]
[Result "0-1"]
[WhiteElo "1909"]
[BlackElo "1695"]
[EventDate "2022.09.18"]
[PlyCount "174"]

1.e4 d5 2.e5 c5 3.c3 Bf5 4.d4 e6 5.Bd3 Bg6 6.Nf3 Qb6 7.O-O Bh5 8.Nbd2 Nc6 
9.Qa4 Nh6 10.dxc5 Bxc5 11.h3 Bg6 12.Bxg6 hxg6 13.Nb3 Nf5 14.Nxc5 Qxc5 15.
Bg5 b5 16.Qd1 a5 17.a4 O-O 18.g4 Nfe7 19.Be3 Qc4 20.Re1 bxa4 21.Rxa4 Qb5 
22.Bc1 Rfb8 23.Rf4 Rb7 24.Ng5 Nc8 25.Qf3 Nd8 26.Qg3 Kf8 27.Qh4 Qe8 28.Qh8+
Ke7 29.Qxg7 Qf8 30.Qf6+ Ke8 31.Nh7 Qe7 32.Qh8+ Kd7 33.c4 Nb6 34.Nf6+ Kc6 
35.cxd5+ exd5 36.Rf3 Ne6 37.Qh6 Na4 38.Qd2 d4 39.Ne4 Rb4 40.b3 Nac5 41.
Nxc5 Qxc5 42.Ba3 Qd5 43.Qd3 Rb7 44.Rc1+ Kb6 45.Rf6 Ka7 46.Qf3 Qxf3 47.Rxf3
Rab8 48.Rb1 Rc8 49.Bb2 Rc5 50.Rd1 Rd7 51.Rfd3 Ka6 52.Re1 Rc2 53.Ba3 Rc3 
54.Red1 Rxd3 55.Rxd3 Nf4 56.Rd2 Nxh3+ 57.Kh2 Ng5 58.Rd3 Ne6 59.Kg3 g5 60.
Bd6 Nf4 61.Rd2 Rb7 62.Kf3 Rxb3+ 63.Ke4 Ne6 64.Ra2 Kb5 65.Kd5 a4 66.Be7 d3 
67.Ke4 a3 68.Bxa3 d2 69.Rxd2 Rxa3 70.Rb2+ Kc6 71.Rd2 Ra4+ 72.Kf3 Rf4+ 73.
Kg3 Re4 74.Rd6+ Kc7 75.Rd5 Nf4 76.Kf3 Nxd5 77.Kxe4 Ne7 78.e6 fxe6 79.Ke5 
Kd7 80.Kf6 Nd5+ 81.Kxg5 Kd6 82.Kg6 Ke5 83.Kf7 Nf4 84.g5 Kf5 85.Ke7 Kxg5 
86.Kd6 Kf5 87.f3 Nh3 0-1

[Event "17th Africa-ch"]
[Site "Lagos NGR"]
[Date "2022.09.22"]
[Round "5"]
[White "Botsoe, Koffi"]
[Black "Lesbros, Bernard"]
[Result "0-1"]
[WhiteElo "1629"]
[BlackElo "1884"]
[EventDate "2022.09.18"]
[PlyCount "48"]

1.d4 Nf6 2.Nc3 c5 3.d5 g6 4.e4 d6 5.Nf3 Bg7 6.Bb5+ Bd7 7.a4 O-O 8.O-O Na6 
9.Bxa6 bxa6 10.Re1 Qc7 11.h3 e6 12.e5 Nxd5 13.Nxd5 exd5 14.Qxd5 dxe5 15.
Nxe5 Be6 16.Qe4 Bf5 17.Qe2 Rae8 18.f4 f6 19.g4 Bc8 20.Qc4+ Be6 21.Qxa6 
fxe5 22.fxe5 Bxe5 23.Re2 Bd4+ 24.Be3 Qg3+ 0-1

[Event "17th Africa-ch"]
[Site "Lagos NGR"]
[Date "2022.09.22"]
[Round "5"]
[White "Mahamat, Hachim Bachar"]
[Black "Amako, Marc Arnold"]
[Result "0-1"]
[WhiteElo "1815"]
[BlackElo "1555"]
[EventDate "2022.09.18"]
[PlyCount "98"]

1.e4 c5 2.Nf3 Nc6 3.d4 cxd4 4.Nxd4 Nf6 5.Nc3 e5 6.Ndb5 d6 7.Bg5 a6 8.Na3 
b5 9.Nd5 Be7 10.Bxf6 Bxf6 11.c3 O-O 12.Nc2 Bg5 13.Be2 Be6 14.Nce3 b4 15.c4
Bxe3 16.Nxe3 Qh4 17.O-O Nd4 18.Bf3 Rac8 19.b3 Kh8 20.g3 Qh6 21.Bg2 f5 22.
exf5 Bxf5 23.Nd5 Bh3 24.f4 Bxg2 25.Kxg2 Qg6 26.Kg1 Qe4 27.Qg4 Ne2+ 28.Kf2 
exf4 29.Qxe2 fxg3+ 30.Ke1 Rxf1+ 31.Kd2 Qxe2+ 32.Kxe2 Rxa1 33.hxg3 Rxa2+ 
34.Kd3 a5 35.g4 Rb2 36.Ne7 Rxb3+ 37.Kd4 Rc5 38.Nf5 Rxf5 39.gxf5 a4 40.c5 
dxc5+ 41.Kxc5 a3 42.Kc4 Rf3 43.Kxb4 a2 44.f6 gxf6 45.Kc4 a1=Q 46.Kd5 Qe5+ 
47.Kc4 Rc3+ 48.Kb4 Qc5+ 49.Ka4 Ra3# 0-1

[Event "17th Africa-ch"]
[Site "Lagos NGR"]
[Date "2022.09.24"]
[Round "6"]
[White "Adly, Ahmed"]
[Black "Rakotomaharo, Fy Antenaina"]
[Result "1-0"]
[WhiteElo "2578"]
[BlackElo "2492"]
[EventDate "2022.09.18"]
[PlyCount "141"]

1.d4 Nf6 2.Nf3 d5 3.g3 e6 4.Bg2 Be7 5.c4 O-O 6.O-O a5 7.cxd5 exd5 8.Qc2 c6
9.Nc3 Nbd7 10.Nh4 g6 11.f4 Nh5 12.Nf3 Nb6 13.Ne5 f6 14.Nd3 Ng7 15.Be3 Re8 
16.Bf2 Bf8 17.Rfe1 Bf5 18.e4 dxe4 19.Nxe4 Nd5 20.a3 Ne6 21.Rad1 Qb6 22.
Ndc5 Rad8 23.Qc4 Bg7 24.Nc3 Nxc5 25.Rxe8+ Rxe8 26.dxc5 Qxb2 27.Nxd5 cxd5 
28.Qxd5+ Kh8 29.Qxb7 Qxa3 30.Bc6 Rf8 31.Bd7 Bc2 32.Re1 f5 33.Bc6 a4 34.Qd7
Be4 35.Bd4 Bxd4+ 36.Qxd4+ Kg8 37.Bxe4 fxe4 38.Qd5+ Rf7 39.Rxe4 Qc1+ 40.Kg2
Qc2+ 41.Kh3 a3 42.f5 Qc3 43.fxg6 hxg6 44.Rf4 Qg7 45.c6 Qf8 46.Qe6 Qe7 47.
Qxg6+ Rg7 48.Qf5 Rg5 49.Qc8+ Kg7 50.Qd7 Qxd7+ 51.cxd7 Rd5 52.Ra4 Rxd7 53.
Rxa3 Kg6 54.g4 Rd2 55.Kg3 Rd1 56.Ra6+ Kg7 57.g5 Rd4 58.h4 Rc4 59.Rf6 Ra4 
60.Rf4 Ra1 61.Rb4 Kg6 62.Rb6+ Kg7 63.Kg4 Ra4+ 64.Kh5 Ra7 65.Rb5 Rc7 66.g6 
Rc4 67.Rb7+ Kg8 68.Kg5 Rc5+ 69.Kh6 Rc8 70.h5 Ra8 71.Rb5 1-0

[Event "17th Africa-ch"]
[Site "Lagos NGR"]
[Date "2022.09.24"]
[Round "6"]
[White "Amin, Bassem"]
[Black "Zhemba, Jemusse"]
[Result "1-0"]
[WhiteElo "2663"]
[BlackElo "2232"]
[EventDate "2022.09.18"]
[PlyCount "91"]

1.Nf3 f5 2.d3 Nf6 3.e4 d6 4.exf5 Bxf5 5.d4 Qd7 6.Bc4 Nc6 7.d5 Ne5 8.Nxe5 
dxe5 9.Nc3 O-O-O 10.Be3 e6 11.dxe6 Qc6 12.Qf3 Qxf3 13.gxf3 Bb4 14.Rg1 g6 
15.Bg5 Rhf8 16.Ke2 Rd4 17.Bb3 Be7 18.Rad1 c6 19.Rxd4 exd4 20.Ne4 Kd8 21.
Rd1 Nd5 22.Rxd4 Bxg5 23.Nxg5 Ke7 24.Bxd5 cxd5 25.Rxd5 Rc8 26.Rd7+ Kf6 27.
f4 Bxe6 28.Rxb7 Rxc2+ 29.Kd3 Bf5+ 30.Ke3 Be6 31.Nxh7+ Kf5 32.Rb5+ Kg4 33.
Rg5+ Kh3 34.Rxg6 Bxa2 35.Ng5+ Kg4 36.Ne4+ Kh5 37.Rg5+ Kh6 38.Rb5 Bf7 39.f5
Be8 40.Rb8 Bc6 41.f6 Kg6 42.Rg8+ Kf7 43.Rg7+ Kf8 44.Ng5 Bd5 45.Rd7 Be4 46.
Kxe4 1-0

[Event "17th Africa-ch"]
[Site "Lagos NGR"]
[Date "2022.09.24"]
[Round "6"]
[White "Silva, David"]
[Black "Ortega, Amarelle Mariano"]
[Result "1/2-1/2"]
[WhiteElo "2315"]
[BlackElo "2474"]
[EventDate "2022.09.18"]
[PlyCount "26"]

1.e4 e6 2.d4 d5 3.exd5 exd5 4.Nf3 Nf6 5.Bd3 Bd6 6.O-O O-O 7.Bg5 Bg4 8.Nbd2
Nbd7 9.Be2 Be7 10.Bd3 Bd6 11.Be2 Be7 12.Bd3 Bd6 13.Be2 Be7 1/2-1/2

[Event "17th Africa-ch"]
[Site "Lagos NGR"]
[Date "2022.09.24"]
[Round "6"]
[White "Hesham, Abdelrahman"]
[Black "Paiva, Donaldo"]
[Result "1-0"]
[WhiteElo "2374"]
[BlackElo "2207"]
[EventDate "2022.09.18"]
[PlyCount "66"]

1.d4 Nf6 2.c4 e6 3.Nc3 Bb4 4.f3 c5 5.d5 b5 6.e4 d6 7.Bd2 exd5 8.cxd5 a6 9.
a4 bxa4 10.Qxa4+ Nfd7 11.Nh3 O-O 12.Nf4 Ne5 13.Be2 f5 14.exf5 Bxf5 15.O-O 
Qf6 16.g4 Bd7 17.Qc2 Qe7 18.Rae1 a5 19.Qe4 Ra7 20.Ne6 Re8 21.f4 Ng6 22.Bd3
Qh4 23.Qf3 Na6 24.g5 c4 25.Bxc4 Nc5 26.Ba2 Nf8 27.Re2 g6 28.Be1 Qh5 29.
Qxh5 gxh5 30.f5 Nd3 31.Bg3 h4 32.Bxh4 Nxb2 33.Ne4 Rb8 1-0

[Event "17th Africa-ch"]
[Site "Lagos NGR"]
[Date "2022.09.24"]
[Round "6"]
[White "Olape, Bunmi"]
[Black "Eyetonghan, Denyefa Callistus"]
[Result "0-1"]
[WhiteElo "2250"]
[BlackElo "2079"]
[EventDate "2022.09.18"]
[PlyCount "68"]

1.e4 c6 2.d4 d5 3.Nd2 dxe4 4.Nxe4 Nd7 5.Bc4 Ngf6 6.Ng5 e6 7.Qe2 Nb6 8.Bb3 
h6 9.N5f3 a5 10.c3 a4 11.Bc2 c5 12.a3 Qc7 13.dxc5 Bxc5 14.Ne5 Bxf2+ 15.Kf1
Bc5 16.Ngf3 Bd7 17.Bf4 Nbd5 18.Bd2 g5 19.Nxd7 Nxd7 20.Rd1 Rg8 21.Bc1 N7f6 
22.Nd4 Ra5 23.Nb5 Qb6 24.c4 Ne3+ 25.Bxe3 Bxe3 26.Nc3 Ke7 27.Nxa4 Qa7 28.
Nc3 Re5 29.Nb5 Qb8 30.g3 Bc5 31.Qf3 Re3 32.Qg2 Ng4 33.h3 Rxg3 34.hxg4 Qf4+
0-1

[Event "17th Africa-ch"]
[Site "Lagos NGR"]
[Date "2022.09.24"]
[Round "6"]
[White "Kigigha, Bomo Lovet"]
[Black "Lungu, Nase"]
[Result "0-1"]
[WhiteElo "2196"]
[BlackElo "2261"]
[EventDate "2022.09.18"]
[PlyCount "102"]

1.d4 d5 2.Nf3 Nf6 3.g3 c5 4.Bg2 cxd4 5.O-O e6 6.Nxd4 Be7 7.c4 O-O 8.cxd5 
Nxd5 9.e4 Nb4 10.Nc3 N8c6 11.Nxc6 bxc6 12.Qa4 Qc7 13.Rd1 a5 14.Be3 Ba6 15.
a3 Nd3 16.Qc2 Ne5 17.Na4 Bb5 18.Nc5 a4 19.Bf4 Qa7 20.Bxe5 Bxc5 21.Bd6 Bxd6
22.Rxd6 Rfc8 23.Rad1 c5 24.e5 Rab8 25.Be4 h6 26.Qd2 c4 27.h4 Be8 28.Bc2 
Qb7 29.Qe3 Qxb2 30.Qe4 Kf8 31.R1d4 g6 32.h5 gxh5 33.Kh2 Qc1 34.Qh7 Qg5 35.
Rf4 Qg7 36.Qe4 Kg8 37.Qe2 Rc5 38.Rf6 Qg5 39.f4 Qg4 40.Qe4 Qg7 41.f5 Qg4 
42.Qe3 Rb2 43.Rd2 Qg5 44.Qf2 Rd5 45.Re2 Rxe5 46.Rxe6 fxe6 47.Rxe5 Qc1 48.
Re2 Bc6 49.g4 Rxc2 50.Rxc2 Qh1+ 51.Kg3 h4+ 0-1

[Event "17th Africa-ch"]
[Site "Lagos NGR"]
[Date "2022.09.24"]
[Round "6"]
[White "Kabwe, Timothy"]
[Black "Abdulraheem, Abdulrahman Akintoye"]
[Result "1-0"]
[WhiteElo "2206"]
[BlackElo "2277"]
[EventDate "2022.09.18"]
[PlyCount "117"]

1.d4 d5 2.Nf3 Nf6 3.Bf4 c5 4.c3 e6 5.Nbd2 Nc6 6.e3 Bd6 7.Bg3 O-O 8.Bd3 b6 
9.Ne5 Bb7 10.f4 Ne7 11.Qf3 Nf5 12.Bf2 Be7 13.Ng4 Nxg4 14.Qxg4 Nd6 15.O-O 
Qc8 16.Rac1 Ba6 17.Qe2 Bxd3 18.Qxd3 c4 19.Qe2 f5 20.g4 b5 21.Kh1 Qb7 22.
gxf5 exf5 23.Nf3 a5 24.Rg1 b4 25.Rg2 Bf6 26.Rcg1 bxc3 27.bxc3 Ne4 28.Bh4 
Ra7 29.Bxf6 Rxf6 30.Qc2 Rb6 31.Ng5 a4 32.Nxe4 fxe4 33.Qe2 Qf7 34.Rg5 h6 
35.Re5 Rab7 36.Qg4 Rb1 37.f5 Rxg1+ 38.Kxg1 Rb1+ 39.Kg2 Rb2+ 40.Kg3 Rxa2 
41.Qg6 Qxg6+ 42.fxg6 Kf8 43.Rxd5 Rc2 44.Rd7 Rxc3 45.Kf4 a3 46.Rf7+ Kg8 47.
Ra7 Kf8 48.d5 Rb3 49.d6 Ke8 50.Rxg7 Kf8 51.Ra7 Rd3 52.Ke5 c3 53.Rxa3 Kg7 
54.Ra6 Kxg6 55.Rc6 Kh5 56.Kxe4 Rd2 57.Ke5 Rxh2 58.Rc4 c2 59.Rc3 1-0

[Event "17th Africa-ch"]
[Site "Lagos NGR"]
[Date "2022.09.24"]
[Round "6"]
[White "Adebayo, Adegboyega Joel"]
[Black "Lapite, Oluwadurotimi"]
[Result "1-0"]
[WhiteElo "2267"]
[BlackElo "2136"]
[EventDate "2022.09.18"]
[PlyCount "93"]

1.d4 d5 2.c4 e5 3.Nf3 e4 4.Ng1 dxc4 5.Nc3 a6 6.e3 Nf6 7.Bxc4 Bd6 8.f3 O-O 
9.fxe4 b5 10.Bd3 b4 11.Nce2 Nxe4 12.Nf3 Bb7 13.O-O Nd7 14.Nf4 Qe7 15.Nd2 
Ndf6 16.Nc4 Rae8 17.Nxd6 Qxd6 18.a3 a5 19.axb4 axb4 20.Ra5 Ra8 21.Rxa8 
Rxa8 22.Qb3 Ra1 23.Bc4 Qc6 24.d5 Qb6 25.Qc2 Nd6 26.Bd3 b3 27.Qe2 h6 28.Bd2
Rxf1+ 29.Kxf1 Nxd5 30.Nxd5 Bxd5 31.e4 Be6 32.Bc3 Qc5 33.Qf2 Qh5 34.Qg3 f6 
35.Ke1 Qf7 36.e5 fxe5 37.Bxe5 Ne8 38.Bg6 Qf8 39.Bxe8 Bc4 40.Bh5 Qb4+ 41.
Bc3 Qe7+ 42.Qe5 Qf8 43.Qe8 Bd5 44.g3 c6 45.Kd2 Qxe8 46.Bxe8 Kf8 47.Bg6 1-0

[Event "17th Africa-ch"]
[Site "Lagos NGR"]
[Date "2022.09.24"]
[Round "6"]
[White "Emmanuel, Joy Idara"]
[Black "Oragwu, Chukwunonso"]
[Result "0-1"]
[WhiteElo "2116"]
[BlackElo "2248"]
[EventDate "2022.09.18"]
[PlyCount "146"]

1.e4 e5 2.Nf3 Nc6 3.Bb5 a6 4.Ba4 Nf6 5.O-O b5 6.Bb3 Be7 7.Re1 O-O 8.a4 b4 
9.a5 d6 10.d3 Bg4 11.c3 bxc3 12.bxc3 Rb8 13.Nbd2 Be6 14.Nc4 h6 15.Bd2 Qc8 
16.d4 Bg4 17.Ba4 Qb7 18.d5 Nd8 19.h3 Bh5 20.g4 Bg6 21.Bc2 c6 22.Nfxe5 dxe5
23.d6 Bxd6 24.Nxd6 Qc7 25.Be3 Ne6 26.Nc4 Rfd8 27.Qf3 Ng5 28.Qg2 c5 29.f3 
Ne6 30.Qg3 Nd7 31.Red1 Nf4 32.Bxf4 exf4 33.Qh4 f6 34.Qf2 Ne5 35.Nb6 Bf7 
36.Qe2 c4 37.Kg2 Rxd1 38.Qxd1 Rd8 39.Qe2 Qc5 40.h4 Be6 41.Rd1 Rb8 42.Na4 
Qxa5 43.Qf2 Bf7 44.Rd6 Rd8 45.Qc5 Qxc5 46.Rxd8+ Qf8 47.Rxf8+ Kxf8 48.Nc5 
Nd3 49.Bxd3 cxd3 50.Nxd3 Bc4 51.Nc5 Ke7 52.Kf2 Kd6 53.Na4 Bb3 54.Nb2 a5 
55.Nd3 a4 56.Nc1 Bc4 57.Ke1 a3 58.Kd2 a2 59.Nxa2 Bxa2 60.Kd3 Kc5 61.h5 
Bb1+ 62.Kd2 Kc4 63.Kc1 Bxe4 64.fxe4 Kxc3 65.Kd1 Kd3 66.e5 fxe5 67.Ke1 e4 
68.Kd1 e3 69.g5 e2+ 70.Kc1 e1=Q+ 71.Kb2 Qc3+ 72.Kb1 Qb3+ 73.Ka1 Kc2 0-1

[Event "17th Africa-ch"]
[Site "Lagos NGR"]
[Date "2022.09.24"]
[Round "6"]
[White "Gong, Thon Gong"]
[Black "Balogun, Oluwafemi Daniel"]
[Result "1-0"]
[WhiteElo "2166"]
[BlackElo "2240"]
[EventDate "2022.09.18"]
[PlyCount "57"]

1.e4 c5 2.Nf3 Nc6 3.d4 cxd4 4.Nxd4 Nf6 5.Nc3 e5 6.Ndb5 d6 7.Bg5 a6 8.Bxf6 
gxf6 9.Na3 b5 10.Nd5 Bg7 11.c3 f5 12.exf5 Bxf5 13.Qf3 Bd7 14.Bd3 O-O 15.g4
e4 16.Bxe4 Re8 17.O-O Ne5 18.Qh3 Nxg4 19.Qxh7+ Kf8 20.f3 Qg5 21.h4 Qe5 22.
fxg4 Qg3+ 23.Bg2 Re2 24.Rxf7+ Kxf7 25.Rf1+ Bf5 26.Rxf5+ Ke6 27.Qg6+ Bf6 
28.Qxf6+ Kd7 29.Qg7+ 1-0

[Event "17th Africa-ch"]
[Site "Lagos NGR"]
[Date "2022.09.24"]
[Round "6"]
[White "Solomon, Kenny"]
[Black "Rehan, Deng Cypriano"]
[Result "1-0"]
[WhiteElo "2356"]
[BlackElo "2145"]
[EventDate "2022.09.18"]
[PlyCount "87"]

1.d4 Nf6 2.c4 e6 3.Nf3 d5 4.Nc3 c6 5.Bg5 Nbd7 6.cxd5 exd5 7.Qc2 h6 8.Bh4 
Bb4 9.e3 Qa5 10.Bd3 Bxc3+ 11.bxc3 O-O 12.O-O Re8 13.Nd2 b6 14.a4 b5 15.
axb5 Qb6 16.Rfb1 c5 17.Bf5 Bb7 18.Nb3 c4 19.Nd2 Nf8 20.Qd1 g6 21.Bc2 g5 
22.Bg3 Ng6 23.h3 Qe6 24.Rb4 g4 25.hxg4 Nxg4 26.Qf3 Nf6 27.Nxc4 dxc4 28.
Qxb7 Nh5 29.Qf3 Nxg3 30.Qxg3 a5 31.Rba4 Qb6 32.Rxc4 Rac8 33.Bxg6 fxg6 34.
Rca4 Ra8 35.c4 g5 36.Qf3 Qg6 37.Qc6 Qh5 38.Qf3 Qg6 39.Rxa5 Rxa5 40.Rxa5 g4
41.Qd5+ Kh8 42.Ra6 Qb1+ 43.Kh2 g3+ 44.fxg3 1-0

[Event "17th Africa-ch"]
[Site "Lagos NGR"]
[Date "2022.09.24"]
[Round "6"]
[White "Mulenga, Prince Daniel"]
[Black "Phiri, Richmond"]
[Result "1/2-1/2"]
[WhiteElo "2171"]
[BlackElo "2351"]
[EventDate "2022.09.18"]
[PlyCount "62"]

1.d4 Nf6 2.c4 e6 3.Nf3 Bb4+ 4.Bd2 Bxd2+ 5.Qxd2 d5 6.Nc3 O-O 7.e3 c6 8.Bd3 
b6 9.O-O Bb7 10.cxd5 cxd5 11.Ne5 Nbd7 12.f4 Ne4 13.Qe1 Rc8 14.Rc1 f6 15.
Ng4 f5 16.Ne5 Nxe5 17.fxe5 Qg5 18.Bxe4 fxe4 19.Rxf8+ Rxf8 20.Nb5 Ba6 21.a4
Rf3 22.Rc3 h5 23.h4 Qg6 24.Kh2 Rf7 25.Qg3 Qxg3+ 26.Kxg3 Bxb5 27.axb5 Re7 
28.Kf4 g6 29.Rc6 Kg7 30.g4 hxg4 31.Kxg4 Kh6 1/2-1/2

[Event "17th Africa-ch"]
[Site "Lagos NGR"]
[Date "2022.09.24"]
[Round "6"]
[White "Onokpite, Kennedy"]
[Black "Beukes, Dante M."]
[Result "0-1"]
[WhiteElo "2095"]
[BlackElo "2295"]
[EventDate "2022.09.18"]
[PlyCount "46"]

1.e4 c5 2.Nc3 d6 3.d4 cxd4 4.Qxd4 Nc6 5.Qd2 g6 6.b3 Bh6 7.f4 Nf6 8.Bb2 O-O
9.O-O-O e5 10.Nge2 Ng4 11.Re1 Be6 12.h3 Nf6 13.g4 exf4 14.Bg2 Rc8 15.Nxf4 
Nb4 16.Kb1 Qa5 17.a3 Nc6 18.Rhf1 Rfd8 19.Qf2 Bg7 20.Nxe6 fxe6 21.Nd5 exd5 
22.Bxf6 Rf8 23.Qh4 Rxf6 0-1

[Event "17th Africa-ch"]
[Site "Lagos NGR"]
[Date "2022.09.24"]
[Round "6"]
[White "Ajibola, Olanrewaju"]
[Black "Amega-Dzaka, Komi Nukunu"]
[Result "1-0"]
[WhiteElo "2285"]
[BlackElo "1621"]
[EventDate "2022.09.18"]
[PlyCount "57"]

1.d4 d5 2.Nf3 Nf6 3.e3 Bf5 4.c4 c6 5.cxd5 cxd5 6.Qb3 Qb6 7.Qxb6 axb6 8.Nc3
e6 9.Bb5+ Nbd7 10.Ne5 Bd6 11.Nxd7 Nxd7 12.Bd2 Ke7 13.Na4 Bc2 14.b3 Rad8 
15.Rc1 Bf5 16.Bxd7 Rxd7 17.Nxb6 Rc7 18.Ke2 Rc6 19.Rxc6 bxc6 20.Rc1 Rb8 21.
Rxc6 Bb1 22.a4 Ba2 23.b4 e5 24.b5 f5 25.Nc8+ Rxc8 26.Rxc8 exd4 27.exd4 
Bc4+ 28.Ke1 Kd7 29.Rg8 1-0

[Event "17th Africa-ch"]
[Site "Lagos NGR"]
[Date "2022.09.24"]
[Round "6"]
[White "John, Henry"]
[Black "Okemakinde, Toluwanimi"]
[Result "1/2-1/2"]
[WhiteElo "2245"]
[BlackElo "2083"]
[EventDate "2022.09.18"]
[PlyCount "94"]

1.e4 e5 2.Nf3 Nc6 3.Bb5 f5 4.d3 fxe4 5.dxe4 Nf6 6.O-O Bc5 7.Nc3 d6 8.Qd3 
Be6 9.Ng5 Bg8 10.Be3 Bxe3 11.Qxe3 h6 12.Nf3 Be6 13.Rad1 Nd7 14.Nd5 Bxd5 
15.exd5 Ne7 16.Nxe5 dxe5 17.Qxe5 a6 18.d6 axb5 19.Qxg7 Rg8 20.Qh7 Nf8 21.
Qxh6 Rg6 22.dxe7 Rxh6 23.exd8=Q+ Rxd8 24.Rxd8+ Kxd8 25.Rd1+ Ke7 26.a3 Nd7 
27.g3 Ne5 28.h4 Nc4 29.Kg2 Rd6 30.Rh1 Kf7 31.h5 Kg7 32.g4 c6 33.Kg3 Nxb2 
34.g5 Nc4 35.Re1 Rd7 36.f4 Nxa3 37.f5 Nxc2 38.f6+ Kf7 39.Rf1 Rd3+ 40.Kh4 
Rd4+ 41.Kh3 Rd3+ 42.Kh4 Rd4+ 43.Kh3 Rd3+ 44.Kh2 Rd2+ 45.Kg3 Rd3+ 46.Kh4 
Rd4+ 47.Kh3 Rd3+ 1/2-1/2

[Event "17th Africa-ch"]
[Site "Lagos NGR"]
[Date "2022.09.24"]
[Round "6"]
[White "Aikhoje, Odion"]
[Black "Adu, Oladapo"]
[Result "1/2-1/2"]
[WhiteElo "2239"]
[BlackElo "2026"]
[EventDate "2022.09.18"]
[PlyCount "144"]

1.Nf3 d5 2.d4 e6 3.Bf4 c5 4.e3 Nf6 5.c3 Bd6 6.Bg3 Qc7 7.Nbd2 Nbd7 8.c4 
Bxg3 9.hxg3 O-O 10.Bd3 dxc4 11.Nxc4 b5 12.Ncd2 cxd4 13.Nxd4 a6 14.Rc1 Qd6 
15.Ne4 Qb4+ 16.Qd2 Qxd2+ 17.Nxd2 Ne5 18.Bb1 Bb7 19.f3 Rac8 20.Ke2 g6 21.g4
h5 22.gxh5 Nxh5 23.Rhd1 Nf6 24.N4b3 Ned7 25.Na5 Ba8 26.Ndb3 Bd5 27.Nd4 Nb8
28.e4 Ba8 29.Nc2 Nc6 30.Nxc6 Bxc6 31.Nb4 Bb7 32.e5 Nd5 33.Nd3 Rfd8 34.g3 
Nb6 35.Rxc8 Rxc8 36.f4 Be4 37.Ne1 Bxb1 38.Rxb1 Nd5 39.Rd1 Kf8 40.Nd3 Rc2+ 
41.Rd2 Rc4 42.Kf3 Rd4 43.Rd1 a5 44.Nf2 Rc4 45.Ne4 Kg7 46.Rd2 b4 47.Nd6 Rc1
48.Ne8+ Kf8 49.Nf6 Nxf6 50.exf6 Ke8 51.Rd6 Ra1 52.Ra6 Rxa2 53.Ra8+ Kd7 54.
Ra7+ Ke8 55.Ra8+ Kd7 56.Rf8 Rxb2 57.Rxf7+ Ke8 58.Ra7 Rc2 59.Rxa5 Kf7 60.
Rb5 Rc4 61.g4 Kxf6 62.Rb7 g5 63.fxg5+ Kxg5 64.Rb5+ Kf6 65.Rb6 Ke5 66.g5 
Kf5 67.g6 Kxg6 68.Rxe6+ Kf5 69.Re8 Rc1 70.Ke2 Rh1 71.Kd3 Rc1 72.Rb8 Ke5 
1/2-1/2

[Event "17th Africa-ch"]
[Site "Lagos NGR"]
[Date "2022.09.24"]
[Round "6"]
[White "Etukakpan, Leonard"]
[Black "Okeke, Isaac Chukwudalu"]
[Result "0-1"]
[WhiteElo "2113"]
[BlackElo "2180"]
[EventDate "2022.09.18"]
[PlyCount "124"]

1.d4 Nf6 2.c4 e6 3.Nc3 d5 4.Bg5 Be7 5.Nf3 O-O 6.e3 c5 7.dxc5 Qa5 8.cxd5 
exd5 9.a3 Qxc5 10.Rc1 Qa5 11.Be2 Be6 12.O-O Nc6 13.Nb5 Rac8 14.b4 Qb6 15.
Nc3 Qd8 16.Qa4 Qb6 17.Rfd1 Rfd8 18.Qb5 Qxb5 19.Nxb5 h6 20.Bf4 g5 21.Bg3 
Ne4 22.Bc7 Rf8 23.Nfd4 a6 24.Nxe6 fxe6 25.Bg4 Kf7 26.Nd4 Rxc7 27.Nxe6 Rcc8
28.Nxf8 Rxf8 29.Be2 Ke6 30.f3 Nd6 31.Bxa6 Rc8 32.Be2 Ra8 33.b5 Na5 34.f4 
gxf4 35.exf4 Ne4 36.Bg4+ Kd6 37.Bf3 Nf6 38.g4 Rg8 39.h3 Nb3 40.Rc2 Bd8 41.
Rg2 Bb6+ 42.Kh1 Nd4 43.Rd3 Ne4 44.Re3 Ne6 45.Rd3 Nf6 46.g5 hxg5 47.fxg5 
Rxg5 48.Rxg5 Nxg5 49.h4 Nxf3 50.Rxf3 Bd8 51.Rf5 Ke6 52.Rg5 d4 53.Kg2 d3 
54.Kf1 Ne4 55.Rg6+ Kf5 56.h5 Bg5 57.Rg7 d2 58.Rxg5+ Kxg5 59.Ke2 Kxh5 60.a4
Nc3+ 61.Kxd2 Nxa4 62.b6 Nxb6 0-1

[Event "17th Africa-ch"]
[Site "Lagos NGR"]
[Date "2022.09.24"]
[Round "6"]
[White "Ikhimiukor, Ehidiamen"]
[Black "De Gondo, Simplice Armel"]
[Result "0-1"]
[WhiteElo "1942"]
[BlackElo "2119"]
[EventDate "2022.09.18"]
[PlyCount "120"]

1.d4 d5 2.c4 c6 3.Nc3 Nf6 4.Nf3 e6 5.e3 Nbd7 6.Bd3 dxc4 7.Bxc4 b5 8.Bd3 a6
9.O-O Bb7 10.a3 c5 11.Qe2 Rc8 12.Rd1 c4 13.Bb1 Be7 14.e4 O-O 15.e5 Nd5 16.
Qe4 g6 17.Qg4 Nxc3 18.bxc3 Bxf3 19.Qxf3 Nb6 20.Bh6 Re8 21.Be4 Nd5 22.g3 
Rc7 23.h4 Rd7 24.Kg2 f5 25.exf6 Bxf6 26.h5 g5 27.Rac1 Bg7 28.Bxg7 Rxg7 29.
h6 Rf7 30.Qg4 Qf6 31.Qe2 Ref8 32.Rf1 Qxh6 33.f3 Qf6 34.Bxd5 exd5 35.Rce1 
Kg7 36.Qe5 Rd8 37.Re3 Qxe5 38.Rxe5 h6 39.Re6 Rf6 40.Rfe1 Rdf8 41.R1e3 R8f7
42.R6e5 Rd6 43.Kh3 Kg6 44.Kg2 a5 45.Re8 b4 46.axb4 axb4 47.cxb4 Rb7 48.
R8e6+ Rxe6 49.Rxe6+ Kg7 50.Rc6 Rxb4 51.Rc5 c3 52.Rxc3 Rxd4 53.Kf2 Rc4 54.
Rd3 d4 55.f4 g4 56.Ke2 Rc3 57.Rxc3 dxc3 58.Kd3 h5 59.Kxc3 h4 60.Kd3 h3 0-1

[Event "17th Africa-ch"]
[Site "Lagos NGR"]
[Date "2022.09.24"]
[Round "6"]
[White "Manyang, Peter Majur"]
[Black "Saah, Thomas"]
[Result "1-0"]
[WhiteElo "2111"]
[BlackElo "1886"]
[EventDate "2022.09.18"]
[PlyCount "58"]

1.e4 c5 2.Nf3 Nc6 3.d4 cxd4 4.Nxd4 d6 5.Nc3 g6 6.Be3 Bg7 7.Qd2 Bd7 8.Be2 
Nf6 9.f3 O-O 10.h4 h5 11.O-O-O Nxd4 12.Bxd4 Qa5 13.g4 Rfc8 14.gxh5 Nxh5 
15.Bxg7 Kxg7 16.Rhg1 Be6 17.Rg5 Rc5 18.f4 Rxg5 19.hxg5 Qc5 20.f5 Bd7 21.
f6+ exf6 22.Bxh5 gxh5 23.gxf6+ Kg6 24.Nd5 Bg4 25.Rf1 Qc4 26.Qf4 Qxa2 27.
Ne7+ Kh7 28.Qg5 Qa1+ 29.Kd2 Qa5+ 1-0